Reading on stategic management
Spremljeno u:
| Glavni autor: | |
|---|---|
| Format: | Knjiga |
| Jezik: | Undetermined |
| Izdano: |
Cambridge
Ballinger Publishing Company
1984
|
| Teme: | |
| Oznake: |
Dodaj oznaku
Bez oznaka, Budi prvi tko označuje ovaj zapis!
|
| Thư viện lưu trữ: | Trung tâm Học liệu Trường Đại học Cần Thơ |
|---|
| LEADER | 00530nam a2200193Ia 4500 | ||
|---|---|---|---|
| 001 | CTU_85306 | ||
| 008 | 210402s9999 xx 000 0 und d | ||
| 082 | |a 658.4 | ||
| 082 | |b M411 | ||
| 100 | |a Hax, Arnoldo C. | ||
| 245 | 0 | |a Reading on stategic management | |
| 245 | 0 | |c Arnoldo C. Hax | |
| 260 | |a Cambridge | ||
| 260 | |b Ballinger Publishing Company | ||
| 260 | |c 1984 | ||
| 650 | |a Corporate planning | ||
| 650 | |x Addresses, essays, lectures | ||
| 904 | |i Năm | ||
| 980 | |a Trung tâm Học liệu Trường Đại học Cần Thơ | ||